000 00353nam a2200145Ia 4500
999 _c10521
_d10521
003 OSt
005 20220330124515.0
008 220318s9999 xx 000 0 und d
020 _a9788126553334
082 _a720
100 _aGuedes, Pedro [Author; Editor]
245 0 _aEncyclopedia of architectural technology
260 _aWILEY/MBS
942 _2ddc